| 000 | 00689nam a2200229Ia 4500 | ||
|---|---|---|---|
| 003 | OSt | ||
| 005 | 20220926044216.0 | ||
| 006 | a|||||r|||| 00| 0 | ||
| 007 | ta | ||
| 008 | 220923b |||||||| |||| 00| 0 eng d | ||
| 037 | _cGeneral Book | ||
| 040 |
_aRTL _cRTL _beng |
||
| 041 |
_2eng _aeng |
||
| 082 | _aX9(J).234s, GD | ||
| 110 |
_aGoa, Daman And Diu, Economics, Statstics And Evaluation (Bureau Of-) _9348691 |
||
| 245 | 0 | _aAgricultural census | |
| 490 | _v1970-71 | ||
| 650 | _aAgriculture Industry | ||
| 700 |
_aGoa, Daman And Diu, Economics, Statstics And Evaluation (Bureau Of-) _9348692 |
||
| 942 |
_hX9(J).234s, GD _cGB _2CC |
||
| 999 |
_c674262 _d674262 |
||